| 000 | 00627nam a2200193Ia 4500 | ||
|---|---|---|---|
| 008 | 240729s9999 xx 000 0 und d | ||
| 022 | _a1407-6179 | ||
| 245 | 0 | _aTransport and Telecommunication | |
| 260 | _aPoland | ||
| 260 | _bSciendo | ||
| 650 | _a Comparative law. International uniform law | ||
| 650 | _a Law in general. Comparative and uniform law. Jurisprudence | ||
| 650 | _a Regulation of industry, trade, and commerce. Occupational law | ||
| 650 | _a Transportation and communication | ||
| 650 | _aLaw | ||
| 856 | _uhttps://doaj.org/toc/aecaae976a7941edac1cd489cf144357 | ||
| 942 | _2ddc | ||
| 942 | _cDOAJEJ | ||
| 999 |
_c70400 _d70400 |
||
| 945 |
_a1 _bMadushi Gamage _c1 _dMadushi Gamage |
||